00540nam a2200181 a 45000010010000000030011000100080041000210350026000620820014000881000022001022450034001242600050001586500013002089420012002219520090002339980020003239990015003430000-8948ELIB.Books110520 1981  a(ELIB.Books)0000-9096 a230 bKai aKaiser, Walter C. aToward an Exegetical Theology bGrand Rapids: Baker Book House Company c1981 aTheology 2ddccBK 00102ddc4070aKBTSbKBTSd2011-05-20l0p9525r2022-01-22 00:00:00w2022-01-22yBK cbate2011-05-20 c8948d8948